000
00301nam a2200109 4500
999
_c
9655
_d
9655
008
180713b ||||| |||| 00| 0 eng d
245
_a
Study ties light to male libido.
260
_a
Philippines
_b
Philippine Daily Inquirer
_c
c2016
300
_a
page A14.
650
0
_9
28643
_a
Sex role.
942
_2
ddc
_c
PER